| 000 | 00576nam a2200193Ia 4500 | ||
|---|---|---|---|
| 001 | 64707 | ||
| 008 | 210921n ii |||gr||||Z||||||465 | ||
| 020 | _a9788170006138 | ||
| 082 | _a021.7 | ||
| 100 | _aGould. | ||
| 245 | 0 |
_aThe Library PR Handbook : High-Impact Communication _cEdited By Mark R Gould _hTextual Documents |
|
| 250 | _aFirst. | ||
| 260 |
_aNew Delhi _bEss Ess Publications _c2010. |
||
| 300 |
_a113pg: _c30cm. |
||
| 653 | _aLibrary Science | ||
| 653 | _aThe Library PR Handbook : High-Impact Communication | ||
| 653 | _aG-Library Science | ||
| 942 |
_2ddc _cBK |
||
| 999 |
_c65807 _d65807 |
||